000
00277nam a22001337a 4500
008
170301b xxu||||| |||| 00| 0 eng d
020
_a
9780721683386
041
_a
eng
080
_a
61
100
_a
6
101
_a
SHM
245
_a
EPIDEMIOLOGY
_c
GORDIS.L
942
_2
udc
_c
BK
999
_c
6528
_d
6528